[Event "Viljandi Raud Olympic 53rd"]
[Site "Viljandi"]
[Date "2019.07.06"]
[Round "1.2"]
[White "Aga, Rihard"]
[Black "Seeman, Tarvo"]
[Result "1/2-1/2"]
[WhiteElo "1938"]
[BlackElo "2377"]
[PlyCount "123"]
[EventDate "2019.07.06"]
[EventType "k.o. (rapid)"]
[EventRounds "5"]
[EventCountry "EST"]
[SourceTitle "CBM 191 Extra"]
[Source "ChessBase"]
[SourceDate "2019.09.30"]
[SourceVersion "1"]
[SourceVersionDate "2019.09.30"]
[SourceQuality "1"]

1. d4 Nf6 2. c4 g6 3. Nc3 Bg7 4. e4 d6 5. f3 a6 6. Be3 c6 7. Qd2 b5 8. g4 Nbd7 9. h4 h5 10. g5 Nh7 11. f4 Nb6 12. Bd3 Nxc4 13. Bxc4 bxc4 14. Nge2 Bg4 15. Ng3 Nf8 16. Rf1 Nd7 17. f5 Rb8 18. Rb1 Qa5 19. fxg6 fxg6 20. Nge2 c5 21. Nf4 cxd4 22. Bxd4 Ne5 23. Ncd5 Nd3+ 24. Nxd3 Qxd2+ 25. Kxd2 Bxd4 26. N3b4 Rf8 27. Rxf8+ Kxf8 28. Nc6 Rxb2+ 29. Rxb2 Bxb2 30. Ncxe7 Kf7 31. Nc6 Ba3 32. Ne3 Be6 33. Kc3 Bc5 34. Nxc4 Bxc4 35. Kxc4 Bf2 36. Kd5 Bxh4 37. Kxd6 Bxg5 38. Ne5+ Kg7 39. Nf3 Bf4+ 40. Kd5 Kf6 41. e5+ Ke7 42. Ke4 Bh6 43. Nh4 Kf7 44. e6+ Kxe6 45. Nxg6 Bg5 46. Nf8+ Ke7 47. Nh7 Bh4 48. Kf5 Kf7 49. Ng5+ Bxg5 50. Kxg5 Ke6 51. Kxh5 Kd5 52. Kg4 Kc4 53. Kf3 Kd3 54. Kf2 a5 55. Ke1 Kc2 56. Ke2 a4 57. Ke3 Kb2 58. Kd2 Kxa2 59. Kc2 a3 60. Kc1 Ka1 61. Kc2 a2 62. Kc1 1/2-1/2

[Event "Viljandi Raud Olympic 53rd"]
[Site "Viljandi"]
[Date "2019.07.06"]
[Round "1.1"]
[White "Seeman, Tarvo"]
[Black "Aga, Rihard"]
[Result "1-0"]
[WhiteElo "2377"]
[BlackElo "1938"]
[PlyCount "77"]
[EventDate "2019.07.06"]
[EventType "k.o. (rapid)"]
[EventRounds "5"]
[EventCountry "EST"]
[SourceTitle "CBM 191 Extra"]
[Source "ChessBase"]
[SourceDate "2019.09.30"]
[SourceVersion "1"]
[SourceVersionDate "2019.09.30"]
[SourceQuality "1"]

1. Nf3 Nf6 2. g3 g6 3. b3 Bg7 4. Bb2 d5 5. c4 c6 6. Bg2 0-0 7. 0-0 Nbd7 8. d3 Re8 9. Nbd2 e5 10. e4 d4 11. Qc2 a5 12. a3 c5 13. Rae1 Qc7 14. Bc1 Nf8 15. a4 Bd7 16. Nb1 b6 17. Na3 Nh5 18. Nb5 Bxb5 19. cxb5 Rad8 20. Nd2 f5 21. exf5 gxf5 22. Nc4 Ng6 23. Qd1 Nf6 24. Bg5 h6 25. Bxf6 Bxf6 26. Qh5 Kg7 27. Qxf5 Re7 28. Re4 Rf8 29. Qh5 Kh7 30. Rg4 Rg7 31. Be4 Rfg8 32. Re1 Qb8 33. Bf5 Qc7 34. Ree4 Qb8 35. Kf1 Qc7 36. Ke2 Qb8 37. Rxg6 Rxg6 38. Rg4 Qe8 39. Nd6 1-0

[Event "Riga Termo Eko Cup 13th"]
[Site "Riga"]
[Date "2018.12.21"]
[Round "1"]
[White "Aga, Rihard"]
[Black "Meskovs, Nikita"]
[Result "0-1"]
[WhiteElo "1906"]
[BlackElo "2542"]
[PlyCount "52"]
[EventDate "2018.12.21"]
[EventType "swiss"]
[EventRounds "9"]
[EventCountry "LAT"]
[SourceTitle "CBM 188 Extra"]
[Source "ChessBase"]
[SourceDate "2019.02.26"]
[SourceVersion "1"]
[SourceVersionDate "2019.02.26"]
[SourceQuality "1"]

1. d4 Nf6 2. c4 e6 3. Nc3 Bb4 4. Qc2 d5 5. e3 0-0 6. Nf3 c5 7. a3 Bxc3+ 8. bxc3 Nc6 9. Bd3 Qc7 10. 0-0 dxc4 11. Bxc4 b6 12. a4 Rd8 13. Ba3 Bb7 14. Rfd1 Na5 15. Be2 cxd4 16. exd4 Be4 17. Bd3 Bxf3 18. gxf3 Rd5 19. Be4 Rg5+ 20. Kf1 Nxe4 21. Qxe4 Rc8 22. Bc1 Rf5 23. Be3 Qxh2 24. Ke2 Qc7 25. Rac1 Qc4+ 26. Qd3 Qxa4 0-1

[Event "Chigorin Memorial 25th"]
[Site "St Petersburg"]
[Date "2017.10.29"]
[Round "9"]
[White "Aga, Rihard"]
[Black "Pshmahov, Osman"]
[Result "1/2-1/2"]
[WhiteElo "1842"]
[BlackElo "2095"]
[PlyCount "136"]
[EventDate "2017.10.21"]
[EventType "swiss"]
[EventRounds "9"]
[EventCountry "RUS"]
[SourceTitle "CBM 181 Extra"]
[Source "ChessBase"]
[SourceDate "2017.12.12"]
[SourceVersion "1"]
[SourceVersionDate "2017.12.12"]
[SourceQuality "1"]

1. d4 Nf6 2. c4 g6 3. Nc3 Bg7 4. e4 d6 5. f3 0-0 6. Be3 Nbd7 7. Qd2 e5 8. Nge2 a6 9. d5 h5 10. h3 Nh7 11. g4 h4 12. Rg1 g5 13. Kf2 Re8 14. Nc1 Ndf8 15. Bd3 Ng6 16. Kg2 Nf4+ 17. Kh2 Qf6 18. Rf1 Bd7 19. N3e2 c5 20. b4 cxb4 21. Qxb4 b5 22. c5 dxc5 23. Bxc5 Bf8 24. Bxf8 Nxf8 25. Qd2 N8g6 26. Nxf4 Qxf4+ 27. Qxf4 Nxf4 28. Rd1 Rac8 29. Bf1 Rc2+ 30. Kg1 Rec8 31. Nd3 Nxd3 32. Bxd3 R2c3 33. Kf2 Ra3 34. Rd2 Rcc3 35. Be2 Kf8 36. Rb1 Ke7 37. Rbb2 Kd6 38. Rdc2 b4 39. Ke1 a5 40. Rxc3 Rxc3 41. Kd2 Ba4 42. Bd3 Kc5 43. Bc2 Bb5 44. Rb3 Kd4 45. Rxc3 bxc3+ 46. Kc1 Kc5 47. Kd1 Kd4 48. Kc1 a4 49. a3 Bd7 50. Bd1 Bb5 51. Bc2 Ke3 52. Bd1 Kf4 53. Kc2 Kg3 54. Kxc3 Kxh3 55. Kb4 Bd7 56. Bxa4 Bc8 57. d6 Kg3 58. Bb5 h3 59. Ba6 Bd7 60. Bb5 h2 61. Bxd7 h1Q 62. Bf5 Qb1+ 63. Kc5 Qc1+ 64. Kb6 Qxa3 65. d7 Qd6+ 66. Kb7 Kxf3 67. Kc8 Qc6+ 68. Kd8 f6 1/2-1/2

[Event "Chigorin Memorial 25th"]
[Site "St Petersburg"]
[Date "2017.10.24"]
[Round "4"]
[White "Aga, Rihard"]
[Black "Mochalin, Faddey"]
[Result "1-0"]
[WhiteElo "1842"]
[BlackElo "2096"]
[PlyCount "135"]
[EventDate "2017.10.21"]
[EventType "swiss"]
[EventRounds "9"]
[EventCountry "RUS"]
[SourceTitle "CBM 181 Extra"]
[Source "ChessBase"]
[SourceDate "2017.12.12"]
[SourceVersion "1"]
[SourceVersionDate "2017.12.12"]
[SourceQuality "1"]

1. d4 d5 2. c4 e6 3. e3 Nf6 4. Nf3 Be7 5. Nc3 0-0 6. Bd3 b6 7. 0-0 Bb7 8. b3 Nbd7 9. Bb2 Ne4 10. Qc2 f5 11. Rfd1 Rc8 12. cxd5 Nxc3 13. Bxc3 Bxd5 14. Ba6 Rb8 15. Qe2 Qe8 16. Nd2 Bd6 17. Nc4 Nf6 18. Nxd6 cxd6 19. Bb4 b5 20. Bxd6 Qc6 21. Bxf8 Kxf8 22. Bxb5 Qxb5 23. Qxb5 Rxb5 24. Rdc1 Ne8 25. f3 Ke7 26. Kf2 Kd7 27. Ke2 g5 28. Kd3 Nf6 29. Re1 Bb7 30. Rab1 g4 31. Rf1 Ra5 32. Rf2 Ne4 33. Rfb2 gxf3 34. gxf3 Ng5 35. Rg1 h6 36. f4 Ba6+ 37. Kc2 Nf3 38. Rg7+ Kd6 39. Kc3 Bb5 40. Kb4 Ra6 41. Kxb5 Rb6+ 42. Ka5 Ne1 43. Rxa7 Rb8 44. Rd2 Nf3 45. Rc2 Kd5 46. b4 Ke4 47. Rc3 Nxh2 48. b5 Ng4 49. Ra6 h5 50. Rxe6+ Kd5 51. Re7 h4 52. Rh7 Nf2 53. Rc5+ Ke6 54. Rxh4 Ne4 55. Rc6+ Kd5 56. Rh7 Nd6 57. Rc5+ Ke4 58. Re7+ Kd3 59. Ka6 Nc8 60. Rxc8 Rxc8 61. Ka7 Rc2 62. b6 Rxa2+ 63. Kb8 Kc4 64. b7 Kd5 65. Kc8 Kd6 66. Rd7+ Kc6 67. Rc7+ Kd6 68. b8Q 1-0

[Event "Chigorin Memorial 25th"]
[Site "St Petersburg"]
[Date "2017.10.22"]
[Round "2"]
[White "Aga, Rihard"]
[Black "Nesterov, Arseniy"]
[Result "0-1"]
[WhiteElo "1842"]
[BlackElo "2350"]
[PlyCount "86"]
[EventDate "2017.10.21"]
[EventType "swiss"]
[EventRounds "9"]
[EventCountry "RUS"]
[SourceTitle "CBM 181 Extra"]
[Source "ChessBase"]
[SourceDate "2017.12.12"]
[SourceVersion "1"]
[SourceVersionDate "2017.12.12"]
[SourceQuality "1"]

1. d4 e6 2. c4 Nf6 3. Nf3 Bb4+ 4. Bd2 Qe7 5. Bxb4 Qxb4+ 6. Qd2 Qxc4 7. e3 Qc6 8. Na3 Ne4 9. Qd3 d5 10. Qb3 0-0 11. Bd3 Nf6 12. 0-0 a6 13. Rac1 Qd6 14. Ne5 c6 15. Qc2 g6 16. f4 Ne8 17. Rf3 f5 18. g4 Nd7 19. Rh3 Nxe5 20. dxe5 Qe7 21. g5 Rf7 22. Rh6 Qb4 23. h4 Ng7 24. Qf2 Bd7 25. Rc2 Be8 26. h5 Nxh5 27. Be2 Re7 28. Qh4 Qe4 29. Kh2 Qxe3 30. Bxh5 gxh5 31. g6 hxg6 32. Rg2 Rg7 33. Qg5 Qc5 34. Nc2 Qe7 35. Qg3 Rh7 36. Rxh7 Kxh7 37. Nd4 c5 38. Nf3 d4 39. Ng5+ Kh8 40. Qb3 Rc8 41. Rc2 b5 42. Qxe6 Qxe6 43. Nxe6 d3 0-1

[Event "EU-ch U12 25th"]
[Site "Porec"]
[Date "2015.09.30"]
[Round "9"]
[White "Aga, Rihard"]
[Black "Palczert, Botond"]
[Result "1/2-1/2"]
[WhiteElo "1627"]
[BlackElo "1576"]
[PlyCount "53"]
[EventDate "2015.09.21"]
[EventType "swiss"]
[EventRounds "9"]
[EventCountry "CRO"]
[SourceTitle "EXT 2016"]
[Source "ChessBase"]
[SourceDate "2015.10.08"]
[SourceVersion "1"]
[SourceVersionDate "2015.10.08"]
[SourceQuality "1"]

1. d4 Nf6 2. Bg5 Ne4 3. Bf4 c5 4. f3 Qa5+ 5. c3 Nf6 6. d5 d6 7. e4 Nbd7 8. Bd3 g6 9. Ne2 Bg7 10. Qc1 0-0 11. g4 b5 12. h4 h5 13. Ng3 hxg4 14. fxg4 Nxg4 15. h5 Nde5 16. Be2 c4 17. h6 Bf6 18. h7+ Kh8 19. Bh6 Re8 20. Be3 Bd7 21. Bd4 Qc7 22. Qf4 Nd3+ 23. Bxd3 cxd3 24. Bxf6+ Nxf6 25. Nd2 Qc5 26. Nb3 Qc4 27. Nd2 1/2-1/2

[Event "EST-ch U18"]
[Site "Tallinn"]
[Date "2015.03.21"]
[Round "6"]
[White "Aga, Rihard"]
[Black "Haavamae, Henrik"]
[Result "0-1"]
[WhiteElo "1624"]
[BlackElo "2055"]
[PlyCount "42"]
[EventDate "2015.03.19"]
[EventType "swiss"]
[EventRounds "7"]
[EventCountry "EST"]
[SourceTitle "EXT 2016"]
[Source "ChessBase"]
[SourceDate "2015.10.08"]
[SourceVersion "1"]
[SourceVersionDate "2015.10.08"]
[SourceQuality "1"]

1. d4 Nf6 2. c4 e6 3. Nc3 Bb4 4. Nf3 b6 5. Bg5 Bb7 6. e3 h6 7. Bh4 g5 8. Bg3 Ne4 9. Qc2 f5 10. Nd2 Bxc3 11. bxc3 d6 12. Nxe4 Bxe4 13. Qd1 Qf6 14. Qh5+ Ke7 15. f3 Bb7 16. h4 Nd7 17. 0-0-0 Qg7 18. Be5 dxe5 19. dxe5 Nxe5 20. f4 g4 21. fxe5 Bc6 0-1